Bricks to Babel Selected writing with author's comments (Record no. 25977)
[ view plain ]
| 000 -LEADER | |
|---|---|
| fixed length control field | 00701nam a22001937a 4500 |
| 005 - DATE AND TIME OF LATEST TRANSACTION | |
| control field | 20260409111032.0 |
| 008 - FIXED-LENGTH DATA ELEMENTS--GENERAL INFORMATION | |
| fixed length control field | 260409b |||||||| |||| 00| 0 eng d |
| 020 ## - INTERNATIONAL STANDARD BOOK NUMBER | |
| International Standard Book Number | 0091436702 (hbk) |
| 040 ## - CATALOGING SOURCE | |
| Transcribing agency | UE-CL |
| 082 ## - DEWEY DECIMAL CLASSIFICATION NUMBER | |
| Classification number | 824.914 |
| Item number | K8199 |
| 100 ## - MAIN ENTRY--PERSONAL NAME | |
| Personal name | Koestler Arthur |
| 245 ## - TITLE STATEMENT | |
| Title | Bricks to Babel Selected writing with author's comments |
| Remainder of title | / Arthur koestler |
| 260 ## - PUBLICATION, DISTRIBUTION, ETC. (IMPRINT) | |
| Place of publication, distribution, etc | London, England: |
| Name of publisher, distributor, etc | Hutchinson & Co. |
| Date of publication, distribution, etc | 1980. |
| 300 ## - PHYSICAL DESCRIPTION | |
| Extent | 697 p. |
| 546 ## - LANGUAGE NOTE | |
| Language note | English |
| 650 ## - SUBJECT ADDED ENTRY--TOPICAL TERM | |
| Topical term or geographic name as entry element | Bricks--Babel |
| 942 ## - ADDED ENTRY ELEMENTS (KOHA) | |
| Koha item type | Books |
| 505 ## - FORMATTED CONTENTS NOTE | |
| Formatted contents note | 1. Promised land<br/>2. Land of Promise<br/>3. The God that Failed<br/>4. Fighting the cold war<br/>5. Birth of the Nation<br/>6. The act of creation<br/>7. Outline of a theory<br/>8. Applying the theory<br/> |
| Withdrawn status | Damaged status | Not for loan | Home library | Current library | Date acquired | Full call number | Barcode | Date last seen | Price effective from | Koha item type |
|---|---|---|---|---|---|---|---|---|---|---|
| UE-Central Library | UE-Central Library | 09.04.2026 | 824.914 K8199 | T6040D | 09.04.2026 | 09.04.2026 | Books |
